Pays par volume d'exportation - Statistiques

Statistiques générales
  • Ce quiz a été pris 18 618 fois
    16 158 depuis la dernière actualisation
  • Le résultat moyen est 16 sur 20
Statistiques - réponses
Exportations Pays % Correct
$ 2 822 Mrd Chine
100%
$ 1 547 Mrd Etats-Unis
99%
$ 523 Mrd France
99%
$ 1 450 Mrd Allemagne
95%
$ 320 Mrd Espagne
95%
$ 359 Mrd Russie
95%
$ 698 Mrd Japon
94%
$ 421 Mrd Canada
92%
$ 503 Mrd Italie
91%
$ 444 Mrd Royaume-Uni
91%
$ 409 Mrd Mexique
89%
$ 229 Mrd Australie
85%
$ 573 Mrd Corée du Sud
78%
$ 652 Mrd Pays-Bas
68%
$ 430 Mrd Belgique
63%
$ 300 Mrd Suisse
58%
$ 236 Mrd Thaïlande
58%
$ 248 Mrd Viêt Nam
54%
$ 318 Mrd Taïwan
50%
$ 373 Mrd Singapour
39%
Aucun quiz correspondant
Distribution des résultats
% des personnes avec chaque résultat
Percentile par nombre de réponses
Votre historique - résultats
Vous n’avez pas pris ce quiz depuis la dernière actualisation